Statistics for Cruciferous Vegetables

Click here to take the quiz!

General Stats

  • This quiz has been taken 24 times
    (12 since last reset)
  • The average score is 14 of 29

Answer Stats

Answer% Correct
Broccoli
100%
Kale
100%
Brussels sprout
92%
Cabbage
92%
Cauliflower
92%
Chinese cabbage
92%
Turnip
67%
Radish
58%
Swede
58%
Broccolini
50%
Collard greens
50%
Cress
50%
Mustard
50%
Rocket
50%
Horseradish
42%
Kohlrabi
42%
Wasabi
42%
Choy sum
33%
Daikon
33%
Rapini
33%
Chinese broccoli
25%
Maca
25%
Tatsoi
25%
Broccoflower
17%
Komatsuna
17%
Mizuna
17%
Pepperweed
17%
Rapeseed
17%
Romanesco
8%

Score Distribution

Percentile by Number Answered

Percent of People with Each Score

Your Score History

You have not taken this quiz since the last reset